|
|
|
|
| LEADER |
00000nam0a2200000 4500 |
| 001 |
125581 |
| 005 |
20231101215936.0 |
| 020 |
|
|
|a RU
|b 87-32463
|
| 035 |
|
|
|a (RuTPU)RU\TPU\book\135886
|
| 090 |
|
|
|a 125581
|
| 100 |
|
|
|a 20071119d1987 m y0rusy5003 ca
|
| 101 |
0 |
|
|a rus
|
| 102 |
|
|
|a RU
|
| 105 |
|
|
|a a z 000gy
|
| 200 |
1 |
|
|a Песни
|e Переводы с фр.
|f П. Ж. Беранже
|g сост. и предисл. О. Тимашова
|
| 210 |
|
|
|a Москва
|c Молодая гвардия
|d 1987
|
| 215 |
|
|
|a 126,[1] с.
|c ил.
|d 20 см
|
| 225 |
1 |
|
|a Школьная библиотека
|
| 333 |
|
|
|a Исключено из фонда НТБ ТПУ
|
| 700 |
|
1 |
|a Беранже
|b П. Ж.
|c французский поэт
|f 1780-1857
|g Пьер Жан
|9 1827
|
| 702 |
|
1 |
|a Тимашова
|b О.
|4 220
|
| 801 |
|
0 |
|a RU
|b RuMRKP
|c 19950417
|g psbo
|
| 801 |
|
1 |
|a RU
|b 63413507
|c 20071119
|g PSBO
|
| 801 |
|
2 |
|a RU
|b 63413507
|c 20201204
|g PSBO
|
| 942 |
|
|
|c BK
|